<?xml version="1.0" encoding="UTF-8"?>
<collection xmlns="http://www.loc.gov/MARC21/slim">
 <record>
  <leader>00530pamaa2200145   4500</leader>
  <controlfield tag="001">0000017138</controlfield>
  <controlfield tag="005">20070213090000.0</controlfield>
  <datafield tag="020" ind1="0" ind2="0">
   <subfield code="a">[ nil ] </subfield>
  </datafield>
  <datafield tag="090" ind1="0" ind2="0">
   <subfield code="a">HF3800.6.A48 </subfield>
   <subfield code="b">BUS 1997</subfield>
  </datafield>
  <datafield tag="245" ind1="0" ind2="0">
   <subfield code="a">BUSINESS Times trade directory for Malaysia : </subfield>
   <subfield code="b">engineering supporting industries : machinery and equipment 1997/98  </subfield>
   <subfield code="c">BT Information Sdn Bhd.</subfield>
  </datafield>
  <datafield tag="250" ind1="0" ind2="0">
   <subfield code="a">First edition.</subfield>
  </datafield>
  <datafield tag="260" ind1="0" ind2="0">
   <subfield code="a">Kuala Lumpur: </subfield>
   <subfield code="b">BT Information, </subfield>
   <subfield code="c">1997.</subfield>
  </datafield>
  <datafield tag="300" ind1=" " ind2=" ">
   <subfield code="a">256p.: </subfield>
   <subfield code="b">29cm.</subfield>
  </datafield>
  <datafield tag="650" ind1="0" ind2="0">
   <subfield code="a">Directories -- </subfield>
   <subfield code="x">Engineering companies -- </subfield>
   <subfield code="z">Malaysia </subfield>
  </datafield>
  <datafield tag="710" ind1="1" ind2="1">
   <subfield code="a">BT Information Sdn Bhd </subfield>
  </datafield>
 </record>
</collection>
